L'invenzione dei sessi /

Guardat en:
Dades bibliogràfiques
Autor principal: Lorber, Judith (Autor)
Altres autors: Lingiardi, Vittorio (Editor)
Format: Llibre
Idioma:italià
Publicat: Milano : Il saggiatore, 1995
Col·lecció:La cultura ; 510
Matèries:
Etiquetes: Afegir etiqueta
Sense etiquetes, Sigues el primer a etiquetar aquest registre!

MARC

LEADER 00000nam a22000007i 4500
001 IT\ICCU\CFI\0306956
003 ItRI
005 20260115231910.0
008 951123s1995 it |||||| ||||| |||||c
020 |a 8842802689 
040 |b ita  |c importazione bologna sebina 
041 7 |a ita  |2 ISO-639-2 
082 |a 305.42  |9 DONNE. Ruolo sociale e condizione  |2 20 
100 1 |a Lorber, Judith  |0 IT\ICCU\TO0V\082413  |4 aut 
240 1 0 |a Paradoxes of gender.  |3 IT\ICCU\CFI\0306958  |9 Lorber, Judith 
245 1 2 |a L'invenzione dei sessi /  |c Judith Lorber ; edizione italiana a cura di Vittorio Lingiardi. 
246 1 3 |a Sesso e genere.  |9 IT\ICCU\MIL\0281991 
260 |a Milano :  |b Il saggiatore,  |c 1995 
300 |a 511 p. ;  |c 21 cm 
500 |a Tit. sul dorso  |0 IT\ICCU\MIL\0281991 
500 |a Trad. di Marialuisa Donati. 
650 7 |a Donna  |x Posizione sociale 
700 1 |a Lingiardi, Vittorio  |0 IT\ICCU\RAVV\056499  |4 edt 
830 3 |a La cultura ;  |v 510  |0 IT\ICCU\CFI\0001384 
942 |2 ddc  |c BK  |n 0 
952 |0 0  |1 0  |4 0  |6 DOC_155_330000000000000_LOR  |7 0  |9 15794  |a BO  |b BO  |d 2026-01-15  |i 15475  |l 0  |o DOC 155.33 LOR  |p BO15475  |r 2026-01-15 23:19:10  |w 2026-01-15  |x [Sebina 5] [1 v.]  |y BK  |z 1 v. (3. copia) 
952 |0 0  |1 0  |4 0  |6 DOC_155_330000000000000_LOR  |7 0  |9 15795  |a BO  |b BO  |d 2026-01-15  |i 7958  |l 0  |o DOC 155.33 LOR  |p BO7958  |r 2026-01-15 23:19:10  |w 2026-01-15  |x [Sebina 5] [1 v.]  |y BK  |z 1 v. 
952 |0 0  |1 0  |4 0  |6 DOC_155_330000000000000_LOR  |7 0  |9 15796  |a BO  |b BO  |d 2026-01-15  |i 3491  |l 0  |o DOC 155.33 LOR  |p BO3491  |r 2026-01-15 23:19:10  |w 2026-01-15  |x [Sebina 5] [1 v.]  |y BK  |z 1 v. 
999 |c 13581  |d 13581